Sports Quiz

Random Sports or Tennis Quiz

Wimbledon Runners Up (Men) Quiz Stats

 Plays Quiz Updated Jul 15, 2019

Score 0/52 Timer 05:00
0 Plays Today
Year Runner-Up % Correct
2019Roger Federer
97.4%
2014Roger Federer
97%
2015Roger Federer
96.9%
2006Rafael Nadal
96.9%
2007Rafael Nadal
96.9%
2008Roger Federer
96.8%
2013Novak Djokovic
93.6%
2012Andy Murray
93.5%
1980John McEnroe
89.1%
1982John McEnroe
89.1%
1999Andre Agassi
88.3%
1981Bjorn Borg
85.2%
1975Jimmy Connors
84.9%
1977Jimmy Connors
84.9%
1978Jimmy Connors
84.9%
1984Jimmy Connors
84.9%
2004Andy Roddick
80.2%
2005Andy Roddick
80.2%
2009Andy Roddick
80.2%
1988Boris Becker
76%
1990Boris Becker
76%
1991Boris Becker
76%
1995Boris Becker
76%
1989Stefan Edberg
71.5%
2017Marin Čilić
61.6%
1986Ivan Lendl
61.6%
Year Runner-Up % Correct
1987Ivan Lendl
61.6%
2018Kevin Anderson
56.7%
2016Milos Raonic
53.8%
2011Rafael Nadal
51.8%
1992Goran Ivanisevic
51.1%
1994Goran Ivanisevic
51.1%
1998Goran Ivanisevic
51.1%
2000Patrick Rafter
49.4%
2001Patrick Rafter
49.4%
1969John Newcombe
45.7%
1993Jim Courier
41.8%
1971Stan Smith
39%
1972Ilie Nastase
31.9%
1976Ilie Nastase
31.9%
2010Tomas Berdych
28.4%
2002David Nalbandian
27%
1996MaliVai Washington
26.8%
2003Mark Philippoussis
23.9%
1970Ken Rosewall
22.5%
1974Ken Rosewall
22.5%
1979Roscoe Tanner
15.4%
1997Cedric Pioline
15.4%
1985Kevin Curren
14.6%
1983Chris Lewis
11.7%
1968Tony Roche
10.2%
1973Alex Metreveli
5.5%

You're not logged in!

Compare scores with friends on all Sporcle quizzes.
OR
Log In

Sporcle TV

Today on Sporcle TV


Watch our educational content, quiz creation guides, and fun videos on Sporcle TV.

Show Comments

Extras

Top Quizzes Today


Score Distribution

Your Account Isn't Verified!

In order to create a playlist on Sporcle, you need to verify the email address you used during registration. Go to your Sporcle Settings to finish the process.

Report this User

Report this user for behavior that violates our Community Guidelines.

Details: